000 01125nam a2200277 i 4500
001 bg
003 BPK
005 20200224123005.0
008 011015s1993 uk a f 001 0 eng d
020 _a0582037638 (pbk)
040 _cBPK
100 1 _aPuchta, Herbert.
245 1 0 _aTeaching Teenagers :
_bmodel activity sequences for humanistic language learning /
_cHerbert Puchta and Michael Schratz.
260 _aSingapore :
_bLongman,
_c1993.
300 _aVII, [1], 135, [1] s. :
_bil. ;
_c25 cm.
490 1 _aPilgrims Longman Resource Books
500 _aThis book is produced in association with Pilgrims Language Courses Limited of Canterbury, England.
504 _aBibliography s. 133. Indeks.
650 9 _aEnglish language
_xstudy and teaching
_xforeign speakers.
650 9 _aActivity programmes in education
700 1 _aSchratz, Michael.
710 2 _aLongman (London)
_4pbl.
830 _aPilgrims Longman Resource Books
942 _cKS
_2UKD
856 _uhttp://koha.tu.koszalin.pl/cgi-bin/koha/opac-detail.pl?biblionumber=47325
_yKatalog online BPK
999 _c47325
_d47325